Building smart teams: (Record no. 153749)

MARC details
000 -LEADER
fixed length control field 00689nam a22002177a 4500
003 - CONTROL NUMBER IDENTIFIER
control field dpl
005 - DATE AND TIME OF LATEST TRANSACTION
control field 20230228121905.0
008 - FIXED-LENGTH DATA ELEMENTS--GENERAL INFORMATION
fixed length control field 180710b xxu||||| |||| 00| 0 eng d
020 ## - INTERNATIONAL STANDARD BOOK NUMBER
International Standard Book Number 8178294621
Terms of availability 295.00
035 ## - SYSTEM CONTROL NUMBER
System control number B-127885
040 ## - CATALOGING SOURCE
Original cataloging agency DPL
Language of cataloging EN
Transcribing agency 0
082 ## - DEWEY DECIMAL CLASSIFICATION NUMBER
Classification number 658.4
Item number BEA
100 ## - MAIN ENTRY--PERSONAL NAME
Personal name Beatty, Carol A
245 ## - TITLE STATEMENT
Title Building smart teams:
Remainder of title a roadmap to high performance;
Statement of responsibility, etc by Carol A. Beatty [and] Brenda A. Barker Scott /
260 ## - PUBLICATION, DISTRIBUTION, ETC. (IMPRINT)
Place of publication, distribution, etc New Delhi
Name of publisher, distributor, etc Response Books
Date of publication, distribution, etc 2004
270 ## - ADDRESS
Address Panchsheel enclave
City New Delhi
Postal code 110017
300 ## - PHYSICAL DESCRIPTION
Extent ix,191p.
Dimensions 23cm.(pbk)
500 ## - GENERAL NOTE
General note includes index
700 ## - ADDED ENTRY--PERSONAL NAME
Personal name Scott, Brenda A. Barker
942 ## - ADDED ENTRY ELEMENTS (KOHA)
Source of classification or shelving scheme Dewey Decimal Classification
Koha item type English Books
Classification part 658.4
Call number suffix BEA
Holdings
Withdrawn status Lost status Source of classification or shelving scheme Damaged status Not for loan Collection code Home library Current library Date acquired Source of acquisition Cost, normal purchase price Total Checkouts Full call number Barcode Date last seen Cost, replacement price Price effective from Koha item type
    Dewey Decimal Classification     Non-fiction Patel Nagar Patel Nagar 10/07/2018 BPPD/PUB 295.00   658.4 BEA B-127874 10/07/2018 295.00 10/07/2018 English Books
    Dewey Decimal Classification     Non-fiction Sarojini Nagar Sarojini Nagar 07/05/2019       658.4 BEA B-127881 07/05/2019   07/05/2019 English Books

© Delhi Public Library
Hit Counter
free hit counter